header

Principles of European insurance contract law (Record no. 124377)

MARC details
000 -LEADER
fixed length control field 01693nam a2200373 a 4500
245 00 - TITLE STATEMENT
Title Principles of European insurance contract law
260 ## - PUBLICATION, DISTRIBUTION, ETC. (IMPRINT)
Place of publication Munich :
Name of publisher Sellier European Law Publishers,
Year of publication c2011.
300 ## - PHYSICAL DESCRIPTION
Number of Pages viii, 152 p. :
Other physical details port.
500 ## - GENERAL NOTE
General note "The conference in Vienna was made possible ..."--T.p., verso.
650 #0 - SUBJECT ADDED ENTRY--TOPICAL TERM
Topical Term Insurance law
Topical Term Contracts
700 1# - ADDED ENTRY--PERSONAL NAME
Personal name Heiss, Helmut.
Personal name Lakhan, Mandeep.
Personal name Reichert-Facilides, Fritz.
856 40 - ELECTRONIC LOCATION AND ACCESS
Uniform Resource Identifier http://site.ebrary.com/lib/rucke/Doc?id=10486507

No items available.

© 2026 Rongo University
Contact us: librarian | system librarian | Rongo university